000 00417pab a2200157 454500
008 180718b2002 xxu||||| |||| 00| 0 eng d
100 _aLieten, G.K.
245 _aChild labour in India: disentangling essence and solutions
260 _c2002
300 _ap.5190-195.
362 _a28 Dec
650 _aChild labour - India
650 _aChild labour
773 _aEconomic and Political Weekly
909 _a55046
999 _c55046
_d55046